[Event "Russian Championship B19 2016"]
[Site "Loo"]
[Date "2016.04.24"]
[Round "5.11"]
[White "Tarasov, Alexandr"]
[Black "Khramov, Andrey"]
[Result "0-1"]
[WhiteElo "2348"]
[BlackElo "2125"]
[PlyCount "88"]
[EventDate "2016.04.20"]

1. d4 d5 2. c4 c6 3. Nf3 Nf6 4. Nc3 e6 5. Bg5 h6 6. Bxf6 Qxf6 7. e3 Nd7 8. Be2
g6 9. O-O Bg7 10. cxd5 exd5 11. b4 O-O 12. b5 Qd6 13. Rc1 Nf6 14. bxc6 bxc6 15.
Na4 Ne4 16. Nd2 f5 17. Nxe4 fxe4 18. Bg4 Ba6 19. Re1 Rf6 20. Nc5 Bc8 21. Bxc8
Rxc8 22. Qa4 Rc7 23. Re2 Qf8 24. Rcc2 h5 25. Na6 Rcf7 26. Kf1 Bh6 27. Ke1 Qd6
28. g3 h4 29. Nb4 hxg3 30. hxg3 Rxf2 31. Rxf2 Qxg3 32. Kf1 Qh3+ 33. Ke1 Qxe3+
34. Kf1 Qh3+ 35. Ke1 Qh1+ 36. Ke2 Rxf2+ 37. Kxf2 e3+ 38. Ke2 Qg2+ 39. Kd3 e2
40. Rxe2 Qf3+ 41. Kc2 Qxe2+ 42. Kb1 Qe1+ 43. Kb2 Qc1+ 44. Kb3 Qe3+ 0-1

[Event "Russian Championship B19 2016"]
[Site "Loo"]
[Date "2016.04.24"]
[Round "5.12"]
[White "Mingazov, Almaz"]
[Black "Gogin, Maksim"]
[Result "1/2-1/2"]
[WhiteElo "2181"]
[BlackElo "2324"]
[PlyCount "111"]
[EventDate "2016.04.20"]

1. d4 Nf6 2. Nf3 g6 3. c4 Bg7 4. Nc3 O-O 5. g3 d6 6. Bg2 Nc6 7. O-O a6 8. h3
Rb8 9. e4 Nd7 10. Bg5 b5 11. cxb5 axb5 12. Rc1 h6 13. Be3 Na5 14. b3 b4 15. Ne2
Bb7 16. d5 c6 17. dxc6 Nxc6 18. Qd2 Kh7 19. Rfd1 Qa5 20. Rc4 Rfc8 21. Rdc1 Ra8
22. R4c2 Nf6 23. e5 dxe5 24. Nxe5 Qxe5 25. Bxc6 Bxc6 26. Rxc6 Rxc6 27. Rxc6 Ne4
28. Qxb4 Rxa2 29. Qc4 Qf5 30. Nf4 Ng5 31. Kg2 e5 32. g4 Qb1 33. Nd5 Ra1 34. Bc1
Ne6 35. Qc2 Nd4 36. Qxb1 Rxb1 37. Rc7 Ne6 38. Rc4 Rxb3 39. Be3 Rd3 40. Ne7 Rd7
41. Nc6 f5 42. f3 Rd3 43. Bc1 Nd4 44. Nxd4 exd4 45. gxf5 gxf5 46. Bf4 Rc3 47.
Rb4 Rc2+ 48. Kf1 Rc6 49. Rb7 Kg6 50. Rd7 Re6 51. Rd5 Bf6 52. Bg3 Re3 53. Kf2 h5
54. Rd6 Kf7 55. Rd7+ Re7 56. Rd5 1/2-1/2

[Event "Russian Championship B19 2016"]
[Site "Loo"]
[Date "2016.04.24"]
[Round "5.13"]
[White "Konaplev, Anton"]
[Black "Kovalev, Egor"]
[Result "1-0"]
[WhiteElo "2165"]
[BlackElo "2207"]
[PlyCount "81"]
[EventDate "2016.04.20"]

1. d4 Nf6 2. c4 g6 3. Nc3 d5 4. Bf4 Bg7 5. e3 O-O 6. cxd5 Nxd5 7. Nxd5 Qxd5 8.
Bxc7 Na6 9. Bxa6 Qxg2 10. Qf3 Qxf3 11. Nxf3 bxa6 12. Kd2 Bb7 13. Ke2 f6 14.
Rhd1 Rf7 15. d5 Rc8 16. Rac1 Bf8 17. e4 e6 18. d6 Rd7 19. e5 Kf7 20. Rc4 g5 21.
b3 Bd5 22. Ra4 Bc6 23. Ra5 g4 24. Nd4 Bb7 25. f4 gxf3+ 26. Nxf3 Rcxc7 27. dxc7
Rxc7 28. exf6 Kxf6 29. Rf1 Ke7 30. Ng5 Rd7 31. Rf7+ Ke8 32. Rxd7 Kxd7 33. Nxh7
Bb4 34. Rg5 Kc8 35. Kd3 a5 36. h4 Be7 37. Rg8+ Kd7 38. h5 e5 39. h6 Bd5 40.
Nf8+ Ke8 41. h7 1-0

[Event "Russian Championship B19 2016"]
[Site "Loo"]
[Date "2016.04.24"]
[Round "5.14"]
[White "Ioffe, Ilya"]
[Black "Petrushev, Nikita"]
[Result "1-0"]
[WhiteElo "2185"]
[BlackElo "2024"]
[PlyCount "59"]
[EventDate "2016.04.20"]

1. e4 c5 2. c3 d5 3. exd5 Qxd5 4. d4 Nc6 5. Nf3 Bf5 6. Be3 Nf6 7. Qb3 cxd4 8.
Nxd4 Nxd4 9. Bxd4 e5 10. Qxd5 Nxd5 11. Bxe5 O-O-O 12. Bd4 Bd6 13. f3 Rhe8+ 14.
Kf2 Bf4 15. Bb5 Re7 16. g4 Be3+ 17. Bxe3 Nxe3 18. gxf5 Nc2 19. Na3 Rd2+ 20. Kg3
Nxa1 21. Rxa1 Rxb2 22. Bd3 Rd2 23. Be4 Rc7 24. Nb5 Rc5 25. Rb1 Rxa2 26. Nd6+
Kd7 27. Nxf7 Rxc3 28. Rxb7+ Rc7 29. Rb8 Rd2 30. Rd8+ 1-0

[Event "Russian Championship B19 2016"]
[Site "Loo"]
[Date "2016.04.24"]
[Round "5.15"]
[White "Sinyanskiy, Maxim"]
[Black "Zhileykin, Andrey"]
[Result "1-0"]
[WhiteElo "1990"]
[BlackElo "2254"]
[PlyCount "67"]
[EventDate "2016.04.20"]

1. e4 c5 2. Nf3 d6 3. d4 cxd4 4. Nxd4 Nf6 5. Nc3 a6 6. Be3 e5 7. Nb3 Be6 8. f3
Be7 9. Qd2 O-O 10. O-O-O a5 11. Bb5 Na6 12. Kb1 Nc7 13. Bb6 a4 14. Bxa4 Qb8 15.
Nc1 Ra6 16. Bxc7 Qxc7 17. Bb3 Rb8 18. Nd3 Bxb3 19. cxb3 Qa5 20. Na4 b5 21. Qxa5
Rxa5 22. Nc3 b4 23. Na4 g6 24. Rc1 Ne8 25. Rc2 f5 26. Rhc1 Kf7 27. Rc6 Rab5 28.
R1c4 h5 29. Kc2 Ng7 30. Rc8 R8b7 31. R4c7 Ne6 32. Rxb7 Rxb7 33. Rc4 Nd4+ 34.
Kb1 {далее запись неразбор~~ива} 1-0

[Event "Russian Championship B19 2016"]
[Site "Loo"]
[Date "2016.04.24"]
[Round "5.16"]
[White "Sizintsev, Alexey"]
[Black "Shilyaev, Fedor"]
[Result "0-1"]
[WhiteElo "2125"]
[BlackElo "2203"]
[PlyCount "78"]
[EventDate "2016.04.20"]

1. e4 e5 2. Nf3 Nc6 3. d4 exd4 4. Nxd4 Bc5 5. Be3 Qf6 6. c3 Nge7 7. g3 h5 8. h3
h4 9. g4 Ng6 10. Bg2 Nf4 11. O-O Nxg2 12. Kxg2 b6 13. Na3 Bb7 14. f3 Bxa3 15.
bxa3 Ne5 16. Nb5 O-O-O 17. Nxa7+ Kb8 18. Nb5 d5 19. Qa4 Nc4 20. Bg1 dxe4 21.
Qxc4 exf3+ 22. Kf2 Qe5 23. Qxc7+ Qxc7 24. Nxc7 Rd2+ 25. Ke3 Re2+ 26. Kf4 Kxc7
27. Rab1 Rh6 28. Bd4 f2 29. Rxf2 Rf6+ 30. Kg5 Rexf2 31. Bxf6 Rxf6 32. Kxh4 Rf3
33. c4 Rc3 34. Rf1 f6 35. Kh5 Be4 36. g5 Rxh3+ 37. Kg4 Rxa3 38. gxf6 gxf6 39.
Rxf6 Rxa2 0-1

[Event "Russian Championship B19 2016"]
[Site "Loo"]
[Date "2016.04.24"]
[Round "5.17"]
[White "Kontsevik, Georgy"]
[Black "Karpinskiy, Kirill"]
[Result "1/2-1/2"]
[WhiteElo "2163"]
[BlackElo "1984"]
[PlyCount "123"]
[EventDate "2016.04.20"]

1. e4 c6 2. Nc3 d5 3. Nf3 dxe4 4. Nxe4 Nf6 5. Nxf6+ exf6 6. d4 g6 7. Be2 Bg7 8.
O-O O-O 9. h3 Nd7 10. Be3 Nb6 11. c4 Be6 12. Rc1 Nc8 13. Re1 Ne7 14. Qd2 Nf5
15. Bf4 Qd7 16. b4 Rfd8 17. Red1 Rac8 18. b5 Nd6 19. bxc6 bxc6 20. Bd3 Bf5 21.
Bxd6 Bxd3 22. Bc5 Bf5 23. Qa5 Bf8 24. Qxa7 Qxa7 25. Bxa7 Ra8 26. Bb6 Rdb8 27.
c5 Be6 28. Nd2 Rxa2 29. Ne4 Kg7 30. Nc3 Ra6 31. d5 cxd5 32. Nxd5 Bxd5 33. Rxd5
Rc8 34. Rcd1 Raa8 35. Kf1 Rc6 36. Rb1 Rac8 37. Rb5 Re6 38. Ra5 Re5 39. Rxe5
fxe5 40. Ke2 Kf6 41. Kd3 Ke6 42. Kc4 f5 43. Ra1 e4 44. Rd1 Be7 45. Kb5 Ke5 46.
c6 Bd6 47. Bd4+ Ke6 48. Ba7 Ke5 49. Kb6 f4 50. Kb7 Rc7+ 51. Kb6 Rc8 52. Kb5 g5
53. Bd4+ Ke6 54. Bb6 Ke5 55. Rc1 Kd5 56. c7 e3 57. fxe3 fxe3 58. Rd1+ Ke6 59.
Re1 Kd7 60. Rxe3 Bxc7 61. Bc5 Bd6 62. Bd4 1/2-1/2

[Event "Russian Championship B19 2016"]
[Site "Loo"]
[Date "2016.04.24"]
[Round "5.18"]
[White "Obodenko, Amir"]
[Black "Bychkov, Vladimir"]
[Result "0-1"]
[WhiteElo "2133"]
[BlackElo "2176"]
[PlyCount "74"]
[EventDate "2016.04.20"]

1. e4 e6 2. d4 d5 3. exd5 exd5 4. Nf3 Bd6 5. Bd3 Ne7 6. Bg5 Nbc6 7. O-O f6 8.
Bh4 Bg4 9. c3 Qd7 10. Bg3 O-O-O 11. b4 Nf5 12. Nbd2 Nxg3 13. hxg3 g5 14. b5 Ne7
15. c4 dxc4 16. Bxc4 h5 17. Ne4 Rh6 18. Qa4 Kb8 19. Nc5 Qe8 20. Rfe1 h4 21. Nh2
Bc8 22. Nf1 hxg3 23. fxg3 Qh8 24. Ne6 Re8 25. Qc2 f5 26. Qd2 f4 27. gxf4 gxf4
28. Kf2 Rf6 29. Re4 Qh4+ 30. Kg1 Rh8 31. Qd3 Nf5 32. Bd5 Ng3 33. Nc5 f3 34.
gxf3 Nxe4 35. Qxe4 Bf4 36. Re1 Qh1+ 37. Kf2 Rh2+ 0-1

[Event "Russian Championship B19 2016"]
[Site "Loo"]
[Date "2016.04.24"]
[Round "5.19"]
[White "Bondarenko, Ivan"]
[Black "Ufimtsev, Egor"]
[Result "1-0"]
[WhiteElo "2194"]
[BlackElo "2034"]
[PlyCount "99"]
[EventDate "2016.04.20"]

1. d4 Nf6 2. c4 e6 3. Nc3 Bb4 4. Qc2 d6 5. a3 Bxc3+ 6. Qxc3 Nbd7 7. Bg5 h6 8.
Bh4 b6 9. f3 Bb7 10. e3 e5 11. d5 a5 12. b3 Nc5 13. Qc2 b5 14. e4 b4 15. Ne2 g5
16. Bg3 Qb8 17. Nc1 Bc8 18. a4 Ba6 19. Bf2 Nfd7 20. Rb1 Qb6 21. Ne2 O-O-O 22.
Ng3 Kb8 23. Be3 Bc8 24. h4 f6 25. Kf2 Rdg8 26. Be2 Nf8 27. Nh5 Nh7 28. hxg5
Nxg5 29. Rh4 Rf8 30. Ng3 Rf7 31. Rbh1 Rfh7 32. Bd1 Bd7 33. Nh5 Rf8 34. Ng3 Rfh8
35. Nh5 Rf8 36. g4 Ka8 37. Kf1 Qb8 38. Qf2 Nd3 39. Qd2 Nc5 40. Qf2 Nd3 41. Qg1
Bxa4 42. bxa4 b3 43. Kg2 b2 44. Bc2 Nf4+ 45. Nxf4 exf4 46. Bxf4 Qb4 47. Qe3
Qxc4 48. Qd3 Qb4 49. Rb1 Rb8 50. Qa6# 1-0

[Event "Russian Championship B19 2016"]
[Site "Loo"]
[Date "2016.04.24"]
[Round "5.20"]
[White "Kruzhilin, Aleksey"]
[Black "Sivtsev, Mikhail"]
[Result "1-0"]
[WhiteElo "2161"]
[BlackElo "1946"]
[PlyCount "49"]
[EventDate "2016.04.20"]

1. d4 d5 2. c4 c6 3. Nf3 Nf6 4. g3 e6 5. Nbd2 Bd6 6. Bg2 O-O 7. O-O Nbd7 8. Qc2
Qc7 9. e4 dxe4 10. Nxe4 Nxe4 11. Qxe4 Re8 12. Rd1 c5 13. b3 Nf6 14. Qe2 a6 15.
dxc5 Bxc5 16. Bf4 Qe7 17. Ne5 a5 18. g4 Ra7 19. g5 Nd7 20. Qh5 Nf8 21. Be4 Ng6
22. Rd3 f5 23. gxf6 Qxf6 24. Rh3 Bxf2+ 25. Kh1 1-0

[Event "Russian Championship B19 2016"]
[Site "Loo"]
[Date "2016.04.24"]
[Round "5.21"]
[White "Beljskij, Ilja"]
[Black "Kappushev, Ahmat"]
[Result "1/2-1/2"]
[WhiteElo "2110"]
[BlackElo "1903"]
[PlyCount "80"]
[EventDate "2016.04.20"]

1. e4 c5 2. Nc3 d6 3. f4 Nc6 4. Bc4 Nf6 5. Nf3 e6 6. O-O d5 7. exd5 exd5 8. Bb5
d4 9. Qe2+ Be7 10. Ne4 O-O 11. Bxc6 bxc6 12. d3 Be6 13. c4 dxc3 14. bxc3 c4 15.
dxc4 Nxe4 16. Qxe4 Qa5 17. Be3 Bf6 18. Bd4 Bxd4+ 19. Qxd4 Rfd8 20. Qe5 Qa4 21.
Qh5 Bxc4 22. Rfe1 Bd5 23. Nd4 Re8 24. f5 c5 25. f6 Rxe1+ 26. Rxe1 Qxa2 27. Qg5
Qxg2+ 28. Qxg2 Bxg2 29. Nf5 Bh3 30. Nxg7 a5 31. Kf2 a4 32. Kg3 Bd7 33. Re7 a3
34. Rxd7 a2 35. Nf5 a1=Q 36. Nh6+ Kf8 37. Rxf7+ Ke8 38. Re7+ Kd8 39. Nf7+ Kc8
40. Nd6+ Kd8 1/2-1/2

[Event "Russian Championship B19 2016"]
[Site "Loo"]
[Date "2016.04.24"]
[Round "5.22"]
[White "Ermachkov, Ilja"]
[Black "Dinulin, Ilya"]
[Result "1/2-1/2"]
[WhiteElo "1730"]
[BlackElo "1812"]
[PlyCount "83"]
[EventDate "2016.04.20"]

1. d4 Nf6 2. c4 c5 3. e3 g6 4. Nc3 Bg7 5. Nf3 O-O 6. Be2 d6 7. O-O Nc6 8. a3
Bf5 9. Bd3 Bxd3 10. Qxd3 a6 11. Rb1 Rc8 12. Bd2 Qc7 13. Rfc1 Rfd8 14. Ne2 e5
15. Qc2 exd4 16. exd4 Nxd4 17. Nexd4 cxd4 18. Nxd4 Re8 19. Nf3 b5 20. b3 Ng4
21. Bf4 Qc5 22. b4 Qxc4 23. Qxc4 Rxc4 24. Rxc4 bxc4 25. Bxd6 Re2 26. Re1 Rxe1+
27. Nxe1 Bd4 28. Bc5 Bb2 29. a4 Ne5 30. b5 axb5 31. axb5 Nd7 32. Be3 Bc3 33.
Nc2 Ba5 34. Na3 c3 35. Nc4 Bc7 36. b6 Bb8 37. b7 c2 38. Na5 Nc5 39. Nc6 Bc7 40.
Ne7+ Kg7 41. Nd5 Bb8 42. Nb4 1/2-1/2

[Event "Russian Championship G11 1st league 2016"]
[Site "Loo"]
[Date "2016.04.25"]
[Round "6.1"]
[White "Karpova, Larisa"]
[Black "Zaytseva, Dariya"]
[Result "1-0"]
[WhiteElo "1240"]
[BlackElo "1382"]
[PlyCount "77"]
[EventDate "2016.04.20"]

1. d4 d5 2. Nf3 Nf6 3. e3 Bg4 4. Bd3 e6 5. Nbd2 Be7 6. O-O O-O 7. Qe1 Nc6 8. c3
Bd6 9. a3 e5 10. dxe5 Nxe5 11. Nxe5 Bxe5 12. f4 Bd6 13. Nf3 Bd7 14. Nd2 Re8 15.
b4 a5 16. Nb3 axb4 17. cxb4 Ne4 18. Bb2 c5 19. Bxe4 Rxe4 20. Nxc5 Bxc5 21. bxc5
Qe7 22. Bd4 Ra4 23. Qg3 f6 24. f5 Bb5 25. Rfb1 Bd3 26. Qb8+ Kf7 27. Rxb7 Qxb7
28. Qxb7+ Re7 29. Qxd5+ Kf8 30. c6 Be4 31. Qb5 Ra8 32. Bc5 Rae8 33. c7 Kf7 34.
Bxe7 Kxe7 35. Qxe8+ Kxe8 36. c8=Q+ Kf7 37. Qd7+ Kf8 38. Rc1 Bxf5 39. Rc8# 1-0

[Event "Russian Championship G11 1st league 2016"]
[Site "Loo"]
[Date "2016.04.25"]
[Round "6.2"]
[White "Fedoricheva, Ekaterina"]
[Black "Lesnykh, Zhanna"]
[Result "1/2-1/2"]
[WhiteElo "1387"]
[BlackElo "1391"]
[PlyCount "98"]
[EventDate "2016.04.20"]

1. d4 d5 2. c4 e6 3. Nf3 Nf6 4. g3 c6 5. Bg2 Bb4+ 6. Bd2 Bxd2+ 7. Nbxd2 O-O 8.
O-O Re8 9. Qc2 Nbd7 10. e4 dxe4 11. Nxe4 Nxe4 12. Qxe4 Nf6 13. Qc2 Bd7 14. Rad1
Qc7 15. Rfe1 Rad8 16. Ne5 b6 17. Qa4 Rc8 18. Qc2 Red8 19. f4 b5 20. c5 Nd5 21.
Bxd5 exd5 22. Nxd7 Qxd7 23. Re2 Re8 24. Rde1 Rxe2 25. Qxe2 Kf8 26. Kg2 Re8 27.
Qd2 Rxe1 28. Qxe1 Qe7 29. Qe5 Qxe5 30. fxe5 Ke7 31. Kf3 Ke6 32. Kf4 f6 33. exf6
Kxf6 34. b4 g5+ 35. Kf3 h5 36. h3 Kg6 37. Ke3 Kf6 38. h4 Kg6 39. hxg5 Kxg5 40.
Kf2 Kf6 41. Kg2 Kf5 42. Kf3 Kg5 43. Ke3 Kg4 44. a4 a6 45. axb5 axb5 46. Kf2 Kf5
47. Kf3 Kg5 48. Kg2 Kg4 49. Kf2 Kf5 1/2-1/2

[Event "Russian Championship G11 1st league 2016"]
[Site "Loo"]
[Date "2016.04.25"]
[Round "6.3"]
[White "Shestakova, Bogdana"]
[Black "Abdrashitova, Kamila"]
[Result "1-0"]
[WhiteElo "1605"]
[BlackElo "1341"]
[PlyCount "109"]
[EventDate "2016.04.20"]

1. e4 b6 2. g3 Bb7 3. Bg2 Nf6 4. d3 e6 5. Nf3 Nc6 6. O-O Be7 7. Nc3 d6 8. a3
O-O 9. Qe2 Re8 10. b4 a6 11. Bb2 h6 12. Rfd1 Kh8 13. Rac1 Rc8 14. d4 d5 15. e5
Nd7 16. Ne1 Na7 17. f4 c5 18. Na2 c4 19. Nc3 b5 20. g4 g6 21. Nf3 Rg8 22. Kh1
Rg7 23. Rg1 Qg8 24. Rcf1 Rf8 25. Bc1 Qh7 26. Qe3 Bd8 27. Ne1 Nc6 28. Rf3 Rfg8
29. Rh3 Rf8 30. Qe2 Nxd4 31. Qd1 Nc6 32. Bf3 g5 33. Qe2 Nd4 34. Qf2 Nxf3 35.
Nxf3 gxf4 36. Bxf4 Kg8 37. Rxh6 Bb6 38. Qh4 Bd8 39. Qh3 d4 40. Rxh7 Rxh7 41.
Qf1 dxc3 42. h3 Kh8 43. Kh2 Rg8 44. Qd1 Bb6 45. Rg3 Rd8 46. Qe1 Rg8 47. Qxc3
Bd5 48. Bg5 Bxf3 49. Qxf3 Rxg5 50. Qa8+ Rg8 51. Qxa6 Bc7 52. Qxb5 Bxe5 53. Qxd7
Rxg4 54. Qe8+ Rg8 55. Qxg8# 1-0

[Event "Russian Championship G11 1st league 2016"]
[Site "Loo"]
[Date "2016.04.25"]
[Round "6.4"]
[White "Sosnina, Nadezhda"]
[Black "Mikhailina, Olga"]
[Result "1-0"]
[WhiteElo "1555"]
[BlackElo "1215"]
[PlyCount "129"]
[EventDate "2016.04.20"]

1. e4 d5 2. exd5 Qxd5 3. Nc3 Qa5 4. Nf3 c6 5. Bc4 Bf5 6. d3 Nf6 7. O-O e6 8.
Re1 Nbd7 9. Ne2 Be7 10. Ng3 Bg6 11. Ne4 O-O 12. h3 b5 13. Bb3 Nxe4 14. dxe4 Nc5
15. Bd2 Qc7 16. e5 Rad8 17. Qc1 Ne4 18. Be3 Rd7 19. c3 Nc5 20. Bc2 Nd3 21. Bxd3
Rxd3 22. Nd4 a6 23. c4 b4 24. Rd1 Rxd1+ 25. Qxd1 Rd8 26. Qf3 c5 27. Nc6 Rc8 28.
Nxe7+ Qxe7 29. Rd1 h6 30. Rd6 Qa7 31. Qd1 Kh7 32. Rd7 Rc7 33. Rxc7 Qxc7 34. Qd6
Qa5 35. Qxc5 Qxc5 36. Bxc5 a5 37. Bb6 a4 38. c5 Be4 39. f3 Bc6 40. Kf2 Kg6 41.
Ke3 f6 42. exf6 gxf6 43. b3 axb3 44. axb3 Bd5 45. Ba5 Bxb3 46. c6 Bd5 47. c7
Bb7 48. Bxb4 Kf7 49. Kf4 Ke8 50. Kg4 Kd7 51. Ba5 Bd5 52. Kh5 Bc4 53. g3 Be2 54.
Kxh6 Bxf3 55. Kg6 e5 56. Kxf6 e4 57. g4 e3 58. g5 e2 59. g6 e1=Q 60. Bxe1 Kxc7
61. g7 Bd5 62. h4 Kd7 63. h5 Ke8 64. h6 Bg8 65. Kg6 1-0

[Event "Russian Championship G11 1st league 2016"]
[Site "Loo"]
[Date "2016.04.25"]
[Round "6.5"]
[White "Borodkina, Sofia"]
[Black "Volkorez, Ruslana"]
[Result "1-0"]
[WhiteElo "1415"]
[BlackElo "1228"]
[PlyCount "115"]
[EventDate "2016.04.20"]

1. e4 c5 2. d4 cxd4 3. c3 dxc3 4. Nxc3 d6 5. Nf3 Nc6 6. Bc4 Nf6 7. e5 Ng4 8. e6
Bxe6 9. Bxe6 fxe6 10. Ng5 Nce5 11. f4 Qb6 12. Qe2 Nd3+ 13. Qxd3 Qf2+ 14. Kd1
Qxg2 15. Qb5+ Qc6 16. Qxc6+ bxc6 17. Nxe6 Kd7 18. Nxf8+ Rhxf8 19. Ke2 Rae8 20.
Rg1 h5 21. h3 Nh6 22. Rxg7 Nf5 23. Rg5 Nd4+ 24. Kd3 e5 25. fxe5 dxe5 26. Rxh5
Kc8 27. Ne4 Rd8 28. Kc4 Nf5 29. Nc5 Nd6+ 30. Kb4 Rh8 31. Rxe5 a5+ 32. Kb3 Rxh3+
33. Re3 Rh4 34. a3 Rg8 35. Bd2 Nc4 36. Rd3 a4+ 37. Nxa4 Nxd2+ 38. Rxd2 Rg3+ 39.
Nc3 c5 40. Rad1 c4+ 41. Kc2 Rg8 42. Rd4 Rh2+ 43. R1d2 Rh7 44. Rxc4+ Kb8 45. b4
Ra7 46. a4 Rb7 47. a5 Rg6 48. Na4 Ka7 49. Kb3 Rg5 50. Rc5 Rg3+ 51. Nc3 Rg4 52.
b5 Rg6 53. b6+ Ka6 54. Nd5 Rg3+ 55. Kc4 Rd7 56. Nc7+ Kb7 57. Rxd7 Rg4+ 58. Kb5
1-0

[Event "Russian Championship G11 1st league 2016"]
[Site "Loo"]
[Date "2016.04.25"]
[Round "6.6"]
[White "Kalustova, Marina"]
[Black "Nuritdinova, Ilzira"]
[Result "0-1"]
[WhiteElo "1212"]
[BlackElo "1353"]
[PlyCount "72"]
[EventDate "2016.04.20"]

1. Nf3 d5 2. d3 Nc6 3. g3 e5 4. Bg2 Nf6 5. Nbd2 Bd6 6. h3 Be6 7. O-O Qd7 8. Kh2
O-O-O 9. a3 Rdg8 10. b4 a6 11. c4 d4 12. c5 Be7 13. Qa4 Nd5 14. Bb2 Nb8 15.
Qxd7+ Nxd7 16. Rfc1 c6 17. Rc2 f5 18. Nc4 Bf6 19. e3 dxe3 20. fxe3 f4 21. Nfxe5
fxg3+ 22. Kxg3 Nxe5 23. Bxe5 Nxe3 24. Nd6+ Kd7 25. Re2 Bxe5+ 26. Kf3 Bxa1 27.
Rxe3 Bd5+ 28. Kf2 Bd4 29. Bxd5 Bxe3+ 30. Kxe3 cxd5 31. Kd4 Kc7 32. Kxd5 Rd8 33.
Kc4 Rxd6 34. cxd6+ Kxd6 35. d4 Rc8+ 36. Kd3 Kd5 0-1

[Event "Russian Championship G11 1st league 2016"]
[Site "Loo"]
[Date "2016.04.25"]
[Round "6.7"]
[White "Stakina, Melissa"]
[Black "Shatkovskaia, Elizaveta"]
[Result "0-1"]
[WhiteElo "1332"]
[BlackElo "1140"]
[PlyCount "154"]
[EventDate "2016.04.20"]

1. e4 e5 2. Nf3 Nc6 3. Bc4 Nf6 4. Nc3 Nxe4 5. Bxf7+ Kxf7 6. Nxe4 d5 7. Neg5+
Kg8 8. d3 h6 9. Nh3 Bg4 10. c3 e4 11. dxe4 dxe4 12. Qxd8 Rxd8 13. Nd2 Bc5 14.
f3 exf3 15. Nxf3 Kh7 16. Nf2 Rhe8+ 17. Kf1 Bxf2 18. Kxf2 Rf8 19. Kg3 Bxf3 20.
gxf3 Rd3 21. Rf1 Rfd8 22. Bf4 R8d7 23. h4 Ne7 24. Rae1 Ng6 25. Re2 Nxf4 26.
Kxf4 Rd2 27. Rff2 Rf7+ 28. Kg3 Rxe2 29. Rxe2 Kg6 30. Re5 Rf5 31. Re7 Rf7 32.
Rxf7 Kxf7 33. Kf4 Kf6 34. b4 b5 35. a3 a6 36. Ke4 Kg6 37. Kf4 Kh5 38. Kg3 g5
39. hxg5 Kxg5 40. f4+ Kf5 41. Kf3 h5 42. Kg3 c6 43. Kf3 h4 44. Ke3 h3 45. Kf3
h2 46. Kg2 Kxf4 47. Kxh2 Ke3 48. Kg3 Kd3 49. Kf3 Kxc3 50. Ke3 Kb3 51. Kd3 Kxa3
52. Kc3 Ka4 53. Kc2 Kxb4 54. Kb2 c5 55. Kc2 c4 56. Kb2 c3+ 57. Kc1 Kb3 58. Kb1
c2+ 59. Kc1 a5 60. Kd2 Kb2 61. Kd3 c1=Q 62. Kd4 Qf4+ 63. Kd5 Qe3 64. Kd6 Qe4
65. Kc5 Qd3 66. Kc6 Qd4 67. Kxb5 Qc3 68. Kb6 Qc4 69. Kb7 Qc5 70. Ka6 Qb4 71.
Ka7 Qb5 72. Ka8 Kc3 73. Ka7 Kc4 74. Ka8 a4 75. Ka7 a3 76. Ka8 a2 77. Ka7 a1=Q#
0-1

[Event "Russian Championship G11 1st league 2016"]
[Site "Loo"]
[Date "2016.04.25"]
[Round "6.9"]
[White "Kiryanova, Kristina"]
[Black "Mutina, Ksenia"]
[Result "1/2-1/2"]
[WhiteElo "1100"]
[BlackElo "1302"]
[PlyCount "99"]
[EventDate "2016.04.20"]

1. e4 e6 2. c4 c6 3. e5 d5 4. exd6 Bxd6 5. d4 Nf6 6. Nf3 O-O 7. Bd3 Nbd7 8. O-O
e5 9. Bc2 exd4 10. Nxd4 Nb6 11. Qd3 Bc5 12. Nf3 Qxd3 13. Bxd3 Rd8 14. Be2 Bg4
15. Bg5 Re8 16. Nc3 Ne4 17. Nxe4 Rxe4 18. Bd3 Ree8 19. Ne1 f6 20. Bf4 Rad8 21.
h3 Bh5 22. g4 Bf7 23. Bc7 Rd7 24. Bxb6 Bxb6 25. Rd1 Rdd8 26. Nf3 Re7 27. c5 Bc7
28. b3 Rd5 29. b4 Rdd7 30. Bf5 Rxd1 31. Rxd1 Bxa2 32. Ra1 Bd5 33. Kg2 a6 34.
Bd3 Rd7 35. Be2 Be5 36. Rd1 Bxf3+ 37. Kxf3 Rxd1 38. Bxd1 Kf7 39. Bb3+ Ke7 40.
Ke4 Bc3 41. Kd3 Bxb4 42. Kc4 a5 43. f3 Kd7 44. f4 h6 45. f5 Kc7 46. h4 b6 47.
cxb6+ Kxb6 48. Ba4 c5 49. h5 Kc7 50. Kd5 1/2-1/2

[Event "Russian Championship G11 2016"]
[Site "Loo"]
[Date "2016.04.25"]
[Round "6.1"]
[White "Zvereva, Margarita"]
[Black "Mikheeva, Galina"]
[Result "1-0"]
[WhiteElo "1768"]
[BlackElo "1533"]
[PlyCount "71"]
[EventDate "2016.04.20"]

1. e4 e5 2. Nf3 Nc6 3. Bb5 Nf6 4. d3 Bc5 5. O-O d6 6. Nbd2 O-O 7. Bxc6 bxc6 8.
h3 h6 9. Re1 Re8 10. Nf1 Be6 11. Ng3 Qd7 12. c3 Bb6 13. d4 exd4 14. cxd4 Ba5
15. Bd2 Bxd2 16. Qxd2 d5 17. Ne5 Qd6 18. Rac1 dxe4 19. Nxe4 Nxe4 20. Rxe4 Bxa2
21. Rxc6 Qd5 22. Rg4 Kh7 23. Rxg7+ Kxg7 24. Qxh6+ Kg8 25. Ng4 Qxc6 26. Qxc6 Re6
27. Qxa8+ Kg7 28. Qxa7 Bd5 29. Qxc7 Kf8 30. Qd8+ Kg7 31. Qxd5 Re1+ 32. Kh2 Re6
33. Qxe6 fxe6 34. b4 Kf7 35. b5 Ke7 36. h4 1-0

[Event "Russian Championship G11 2016"]
[Site "Loo"]
[Date "2016.04.25"]
[Round "6.2"]
[White "Cherepanova, Evita"]
[Black "Alimova, Dana"]
[Result "1/2-1/2"]
[WhiteElo "1689"]
[BlackElo "1458"]
[PlyCount "92"]
[EventDate "2016.04.20"]

1. d4 e6 2. Nf3 c5 3. c3 Nf6 4. Bf4 Nc6 5. e3 d5 6. Nbd2 Bd6 7. Bg3 Bxg3 8.
hxg3 Qd6 9. Bd3 h6 10. Nh4 e5 11. dxe5 Nxe5 12. Bc2 O-O 13. Nb3 Nc4 14. Rb1 Re8
15. O-O Ne4 16. Re1 a5 17. Bxe4 Rxe4 18. Nf3 Bg4 19. Nbd2 Nxd2 20. Qxd2 Rd8 21.
Rbd1 b6 22. b3 Re6 23. e4 dxe4 24. Qf4 Qxd1 25. Rxd1 Rxd1+ 26. Kh2 exf3 27.
Qxg4 Rd2 28. Qxf3 Rxa2 29. Qa8+ Kh7 30. Qf3 Rf6 31. Qd3+ g6 32. f4 a4 33. bxa4
Rxa4 34. c4 Ra2 35. Qb3 Re2 36. Qd3 Ree6 37. Qf3 Rd6 38. Qc3 Rd4 39. Qc2 Re6
40. f5 Ree4 41. fxg6+ fxg6 42. Qb3 Rxc4 43. Qxb6 Re7 44. Qd6 Rg7 45. Qd5 Rc3
46. Qd2 Rb3 1/2-1/2

[Event "Russian Championship G11 2016"]
[Site "Loo"]
[Date "2016.04.25"]
[Round "6.3"]
[White "Kudryavtseva, Anastasia"]
[Black "Kuznetsova, Marina"]
[Result "0-1"]
[WhiteElo "1243"]
[BlackElo "1312"]
[PlyCount "58"]
[EventDate "2016.04.20"]

1. d4 Nf6 2. Nf3 e6 3. Bg5 h6 4. Bh4 c5 5. e3 Nc6 6. c3 g5 7. Bg3 Ne4 8. Nbd2
Nxg3 9. hxg3 d5 10. Bd3 Bd7 11. Qc2 cxd4 12. exd4 Rc8 13. a3 g4 14. Ne5 Nxe5
15. dxe5 Qg5 16. O-O Qxe5 17. Rfe1 Qf6 18. Qb3 Bc5 19. Re2 Bc6 20. c4 Rd8 21.
Rae1 Kf8 22. Qc2 Bb6 23. b4 a6 24. a4 h5 25. a5 Ba7 26. b5 h4 27. bxc6 hxg3 28.
c5 Rh1+ 29. Kxh1 Qh6+ 0-1

[Event "Russian Championship G11 2016"]
[Site "Loo"]
[Date "2016.04.25"]
[Round "6.5"]
[White "Novozhilova, Polina"]
[Black "Tsamalaidze, Liana"]
[Result "1-0"]
[WhiteElo "1494"]
[BlackElo "1362"]
[PlyCount "53"]
[EventDate "2016.04.20"]

1. b3 e5 2. Bb2 Nc6 3. c4 Nf6 4. g3 Bb4 5. a3 Be7 6. Bg2 O-O 7. d3 d6 8. Nf3
Bg4 9. h3 Be6 10. O-O Qd7 11. Kh2 Rab8 12. Nbd2 b5 13. Ng5 bxc4 14. Nxe6 fxe6
15. Nxc4 Nd4 16. b4 Qb5 17. e3 Nc6 18. a4 Qxb4 19. Bxc6 Qc5 20. Bg2 e4 21. Ba3
Qg5 22. dxe4 Nh5 23. Qg4 Qh6 24. e5 Rf5 25. exd6 Bf6 26. dxc7 Rc8 27. Rab1 1-0

[Event "Russian Championship G11 2016"]
[Site "Loo"]
[Date "2016.04.25"]
[Round "6.6"]
[White "Palchun, Polina"]
[Black "Shubenkova, Veronika"]
[Result "1/2-1/2"]
[WhiteElo "1431"]
[BlackElo "1347"]
[PlyCount "77"]
[EventDate "2016.04.20"]

1. d4 f5 2. e4 fxe4 3. Nc3 Nf6 4. Bg5 d6 5. Bxf6 exf6 6. Nxe4 Bd7 7. Bd3 Qe7 8.
Qe2 Nc6 9. Nf3 O-O-O 10. O-O Re8 11. Ng3 Qxe2 12. Bxe2 g6 13. c3 Bg7 14. Rfe1
Nd8 15. Bc4 Rxe1+ 16. Rxe1 Re8 17. Rxe8 Bxe8 18. Kf1 Bf7 19. Bxf7 Nxf7 20. Ke2
Kd7 21. Kd3 d5 22. Nd2 Nd6 23. Ne2 Bh6 24. Nb3 b6 25. Nd2 a6 26. b4 Ke6 27. Ng3
Nf5 28. Nxf5 Kxf5 29. Nf3 b5 30. Nd2 Bxd2 31. Kxd2 Ke4 32. Ke2 g5 33. f3+ Kf5
34. Kf2 h5 35. Ke3 Kg6 36. g3 Kf5 37. h3 Kg6 38. g4 hxg4 39. hxg4 1/2-1/2